History by Images - 'A' - Statistics

General Stats
  • This quiz has been taken 129 times
  • The average score is 10 of 16
Answer Stats
Picture Hint Answer % Correct
Birthplace of democracy Athens
95%
Former high security prison Alcatraz
94%
Former King of Macedonia Alexander
91%
Mesoamerican Civilization Aztec
90%
Temple Complex Angkor Wat
69%
Graveyard of Empires Afghanistan
67%
A Mughal Capital Agra
66%
Mustafa Kemal Pasha Ataturk
63%
Former Scottish Royal residence City Aberdeen
58%
Former American President Andrew Jackson
56%
President during ___ war American Civil War
50%
Ancient Mesopotamian civilization Assyria
50%
Italian explorer Amerigo Vespucci
39%
World War 2 losing side Axis Powers
38%
Dictator Augusto Pinochet
21%
Hispania Baetica today Andalusia
16%
No matching quizzes found
Score Distribution
Percent of People with Each Score
Percentile by Number Answered
Your Score History
You have not taken this quiz